Tableaux anciens et modernes, mobilier, objets d'art, tapisseries, franc maçonnerie, bijoux, argenterie, XXe siècle.

Saved in:
Bibliographic Details
Corporate Authors: Kapandji Morhange (Firm), Drouot-Richelieu (Firm)
Format: Book
Language:French
Published: Paris : Kapandji Morhange, 2006.
Subjects:
Tags: Add Tag
No Tags, Be the first to tag this record!
LEADER 00715cam a2200229Ma 4500
001 014479236-2
005 20150831115333.0
008 060524s2006 fr a c 000 0 fre d
033 0 |a 20060602 
035 0 |a ocn171471492 
040 |a ICA  |c BP1  |d OCLCO 
042 |a scipio 
090 |a D789 
110 2 |a Kapandji Morhange (Firm) 
245 1 0 |a Tableaux anciens et modernes, mobilier, objets d'art, tapisseries, franc maçonnerie, bijoux, argenterie, XXe siècle. 
260 |a Paris :  |b Kapandji Morhange,  |c 2006. 
300 |a 32 p. :  |b col. ill. ;  |c 27 cm. 
518 |a Place of sale: Drouot Richelieu, Paris. 
655 7 |a Auction catalogs.  |2 aat 
710 2 |a Drouot-Richelieu (Firm) 
988 |a 20150909 
906 |0 OCLC